La misión evangélica Bautista : (Record no. 27515)

MARC details
000 -LEADER
campo de control de longitud fija 01193ntaaa2200361 4500
003 - IDENTIFICADOR DE NÚMERO DE CONTROL
campo de control 01
005 - FECHA Y HORA DE LA ÚLTIMA TRANSACCIÓN
campo de control 20251027203214.0
008 - DATOS DE LONGITUD FIJA--INFORMACIÓN GENERAL
campo de control de longitud fija 0714s1973 ag 01
040 ## - FUENTE DE CATALOGACIÓN
Centro catalogador/agencia de origen AR-BaBN
Lengua de catalogación spa
Centro/agencia transcriptor AR-BaBN
Normas de descripción aacr
Centro/agencia modificador RIC
082 ## - NÚMERO DE LA CLASIFICACIÓN DECIMAL DEWEY
Número de clasificación 266.6 M68 (5)
082 ## - NÚMERO DE LA CLASIFICACIÓN DECIMAL DEWEY
Número de clasificación 266.6 M68 (2)
082 ## - NÚMERO DE LA CLASIFICACIÓN DECIMAL DEWEY
Número de clasificación 266.6 M68 (3)
082 ## - NÚMERO DE LA CLASIFICACIÓN DECIMAL DEWEY
Número de clasificación 266.6 M68 (4)
082 ## - NÚMERO DE LA CLASIFICACIÓN DECIMAL DEWEY
Número de clasificación 266.6 M68 (1)
245 ## - MENCIÓN DEL TÍTULO
Título La misión evangélica Bautista :
Resto del título Cien años de ministerio en la Argentina /
Mención de responsabilidad, etc. David Balyeat, Randy Bradley, Bruce Muskrat
246 ## - FORMA VARIANTE DEL TITULO
Título propio/Titulo breve 100 years of ministry in Argentine
250 ## - MENCION DE EDICION
Mención de edición 1ª ed.
260 ## - PUBLICACIÓN, DISTRIBUCIÓN, ETC.
Lugar de publicación, distribución, etc. Buenos Aires :
Nombre del editor, distribuidor, etc. Argentine Baptist Mission,
Fecha de publicación, distribución, etc. 2004
300 ## - DESCRIPCIÓN FÍSICA
Extensión 341 p.
500 ## - NOTA GENERAL
Nota general Historia de la misión bautista en Argentina en ocasión del centenario, 1903-2003
650 ## - PUNTO DE ACCESO ADICIONAL DE MATERIA--TÉRMINO DE MATERIA
Término de materia o nombre geográfico como elemento de entrada HISTORIA BAUTISTA ARGENTINA
9 (RLIN) 33957
650 ## - PUNTO DE ACCESO ADICIONAL DE MATERIA--TÉRMINO DE MATERIA
Término de materia o nombre geográfico como elemento de entrada CENTENARIO
9 (RLIN) 33958
650 ## - PUNTO DE ACCESO ADICIONAL DE MATERIA--TÉRMINO DE MATERIA
Término de materia o nombre geográfico como elemento de entrada MINISTERIO
650 ## - PUNTO DE ACCESO ADICIONAL DE MATERIA--TÉRMINO DE MATERIA
Término de materia o nombre geográfico como elemento de entrada MISION
9 (RLIN) 18649
700 ## - ENTRADA AGREGADA--NOMBRE PERSONAL
Nombre de persona Balyeat, David
9 (RLIN) 33959
700 ## - ENTRADA AGREGADA--NOMBRE PERSONAL
Nombre de persona Bradley, Randy
9 (RLIN) 33960
700 ## - ENTRADA AGREGADA--NOMBRE PERSONAL
Nombre de persona Muskrat, Bruce
9 (RLIN) 33961
700 ## - ENTRADA AGREGADA--NOMBRE PERSONAL
Nombre de persona De Muskrat, Nancy
9 (RLIN) 33962
700 ## - ENTRADA AGREGADA--NOMBRE PERSONAL
Nombre de persona Shelton, Pablo
9 (RLIN) 33963
700 ## - ENTRADA AGREGADA--NOMBRE PERSONAL
Nombre de persona De Vick, Bárbara
9 (RLIN) 33964
700 ## - ENTRADA AGREGADA--NOMBRE PERSONAL
Nombre de persona Alexander, Marcos
Término indicativo de función/relación coordinador
9 (RLIN) 33965
942 ## - ELEMENTOS DE ENTRADA SECUNDARIOS (KOHA)
Tipo de ítem Koha Colección General
Holdings
Estatus retirado Estado de pérdida Estado de daño No para préstamo Biblioteca de origen Biblioteca actual Fecha de adquisición Número de inventario Total de préstamos Signatura topográfica completa Código de barras Visto por última vez Precio de reemplazo Tipo de ítem Koha
        Biblioteca Pluis Biblioteca Pluis 27/10/2025 042859   266.6 M68 (5) 042859 27/10/2025 27/10/2025 Colección General
        Biblioteca Pluis Biblioteca Pluis 27/10/2025 042862   266.6 M68 (2) 042862 27/10/2025 27/10/2025 Colección General
        Biblioteca Pluis Biblioteca Pluis 27/10/2025 042863   266.6 M68 (3) 042863 27/10/2025 27/10/2025 Colección General
        Biblioteca Pluis Biblioteca Pluis 27/10/2025 042860   266.6 M68 (4) 042860 27/10/2025 27/10/2025 Colección General
        Biblioteca Pluis Biblioteca Pluis 27/10/2025 042861   266.6 M68 (1) 042861 27/10/2025 27/10/2025 Colección General